000 002300000a22000970004500
100 1 _aBradshaw, Bruce
245 1 0 _aDo germs or spirits cause illness?
300 _aNúm 59 (1998), Páginas 22-23
773 0 _tTogether
942 _cANA
999 _c57122
_d57122